Štefan Osuský - priekopník Spoločnosti národov a zjednotenej Európy
Štefan Osuský - život a dielo, prínos. Slovenská liga v Amerike. Diplomatické misie. Spoločnosť národov. Kontinuita Československa.
Gespeichert in:
| 1. Verfasser: | |
|---|---|
| Format: | Buchkapitel |
| Sprache: | Slowakisch |
| Schlagworte: | |
| Tags: |
Keine Tags, Fügen Sie das erste Tag hinzu!
|
MARC
| LEADER | 00000naa a2200000 4500 | ||
|---|---|---|---|
| 001 | 0149390 | ||
| 005 | 20240502072703.5 | ||
| 041 | 0 | |a slo | |
| 044 | |a SK | ||
| 245 | 1 | 0 | |a Štefan Osuský - priekopník Spoločnosti národov a zjednotenej Európy |c Miroslav Musil |
| 520 | |a Štefan Osuský - život a dielo, prínos. Slovenská liga v Amerike. Diplomatické misie. Spoločnosť národov. Kontinuita Československa. | ||
| 610 | 2 | 0 | |a životopisy |
| 610 | 2 | 0 | |a dejiny |
| 610 | 2 | 0 | |a politika |
| 610 | 2 | 0 | |a diplomacia |
| 610 | 2 | 0 | |a vzťahy medzinárodné |
| 100 | 1 | |a Musil, Miroslav | |